| 000 | 01307 a2200253 4500 | ||
|---|---|---|---|
| 003 | Nust | ||
| 005 | 20221117103059.0 | ||
| 010 | _a 00038173 | ||
| 020 | _a0471490520 (cloth : alk. paper) | ||
| 040 | _cNust | ||
| 082 | 0 | 0 | _a621.3675,DIG |
| 245 | 0 | 0 |
_aDigital speckle pattern interferometry and related techniques / _cedited by P.K. Rastogi. |
| 260 |
_aChichester ; _aNew York : _bWiley, _cc2001. |
||
| 300 |
_axiv, 368 p. : _bill. ; _c24 cm. |
||
| 505 | _aSpeckle Statistics in the Context of Digital Speckle Interferometry (Page-1), Automated Analysis of Speckle Interferograms (Page-59), Measurement of Static Surface Displacements, Derivatives of Displacements, and Three Dimensional Surface Shapes (Page-141), Dynamic Measurements (Page-225), Digital Speckle Photography (Page-289), Digital Holographic Interferometry (Page-337). | ||
| 650 | 0 |
_aHolographic interferometry _xData processing. _9102772 |
|
| 650 | 0 |
_aImage processing _xDigital techniques. _9673 |
|
| 650 | 0 |
_aInterferometry _xData processing. _9102773 |
|
| 650 | 0 |
_aSpeckle metrology. _9102774 |
|
| 700 | 1 |
_aRastogi, P. K. _996304 |
|
| 856 | 4 | 2 |
_3Publisher description _uhttp://www.loc.gov/catdir/description/wiley035/00038173.html |
| 856 | 4 | 2 |
_3Table of Contents _uhttp://www.loc.gov/catdir/toc/onix07/00038173.html |
| 942 |
_2ddc _cBK |
||
| 999 |
_c178678 _d178678 |
||